00372 a2200085 4500082001800000245016000018260005400178300003100232650002300263 a333.91816 WAT aFinal Report from the NRC Committee on the review of the louisiana coastal protection and restoration (LACPR) program /cWater Science and Technology Board aWashington :bThe National Academies Press,c2009 avii, 40p. ;bill. ;c30 cm aCoastal Protection